00376nam a22001217a 4500082002800000100002100028245006800049250001200117260005700129300002300186526003700209650000800246 a620.112bSHAcL-N, P-35 aIrving H. Shames aEngineering mechanics bstatics and dynamicscShames, H. irving a4th ed. aNew DelhibPrentice hall of india private ltd.c1996 axvi, 1024 p.bill. a0b0c0d620_112000000000000_SHA aMCE